000 00366pab a2200133 454500
008 180718b2006 xxu||||| |||| 00| 0 eng d
100 _aSmith, Charles G.
245 _aInterest arbitration in the federal service
260 _c2006
300 _ap.639-60.
650 _aLabour relations
773 _aInternational Journal of Public Administration
909 _a71019
999 _c71019
_d71019